[Event "Harrogate 4NCL op-B 31st"]
[Site "Harrogate"]
[Date "2024.01.21"]
[Round "4"]
[White "Cuaresma, Gerald"]
[Black "Stokes, Michael"]
[Result "0-1"]
[WhiteElo "1929"]
[BlackElo "1960"]
[PlyCount "72"]
[EventDate "2024.01.19"]
[EventType "swiss"]
[EventRounds "5"]
[EventCountry "ENG"]
[SourceTitle "CB06_2024"]
[SourceDate "2024.02.07"]
[SourceVersion "1"]
[SourceVersionDate "2024.02.07"]
[SourceQuality "1"]

1. d4 Nf6 2. Bg5 d5 3. Bxf6 exf6 4. e3 Bd6 5. g3 Be6 6. Bg2 c6 7. Ne2 f5 8. b3 Nd7 9. Nd2 g5 10. c4 Nf6 11. Qc2 a5 12. Nc3 Rc8 13. Bf1 Ne4 14. c5 Bc7 15. Bd3 Qe7 16. Na4 h5 17. Nxe4 fxe4 18. Be2 Qf6 19. h3 h4 20. g4 Qe7 21. Rg1 Rf8 22. 0-0-0 f5 23. gxf5 Bxf5 24. Bg4 Bxg4 25. Rxg4 Bd8 26. Rdg1 Qf7 27. R1g2 Qf3 28. Nc3 Rc7 29. Rh2 Rcf7 30. Ne2 Bc7 31. Ng1 Qxg4 32. hxg4 Bxh2 33. Nh3 Rf3 34. Nxg5 Rxf2 35. Qc3 Rg2 36. Qe1 Rg1 0-1

[Event "Harrogate 4NCL op-B 31st"]
[Site "Harrogate"]
[Date "2024.01.20"]
[Round "3"]
[White "Cuaresma, Gerald"]
[Black "Irving, Neil"]
[Result "1-0"]
[WhiteElo "1929"]
[BlackElo "1964"]
[PlyCount "65"]
[EventDate "2024.01.19"]
[EventType "swiss"]
[EventRounds "5"]
[EventCountry "ENG"]
[SourceTitle "CB06_2024"]
[SourceDate "2024.02.07"]
[SourceVersion "1"]
[SourceVersionDate "2024.02.07"]
[SourceQuality "1"]

1. d4 d5 2. Bg5 Nf6 3. Bxf6 exf6 4. e3 Bd6 5. g3 Be6 6. Bg2 c6 7. Ne2 Qd7 8. Nd2 Bh3 9. 0-0 0-0 10. c4 Bxg2 11. Kxg2 dxc4 12. Nxc4 Bc7 13. Qb3 b6 14. Nc3 Qe6 15. e4 b5 16. Nd2 Qxb3 17. Nxb3 Nd7 18. Rac1 Bb6 19. a4 bxa4 20. Nxa4 Rac8 21. Rc2 Rfe8 22. Re1 Kf8 23. f4 f5 24. e5 Nf6 25. Rec1 Nd5 26. Nxb6 Nxb6 27. Rxc6 Rxc6 28. Rxc6 Na4 29. d5 Nxb2 30. d6 Rd8 31. Nd4 g6 32. Rc7 Na4 33. Nc6 1-0